00459nam a2200145Ia 4500008004100000100001700041245012500058245003600183260002400219260000900243300000900252500000900261650002300270650002000293170224s9999 xx 000 0 und d aAndrea Ceron aE-campaigning on Twitter: The effectiveness of distributive promises and negative campaign in the 2013 Italian election  cAndrea Ceron, Giovanna d’Adda bNew Media & Society c2016 a18:9 a2016 xCommunication Arts xMultimedia Arts